Stacje i przystanki kolejowe w Sosnowcu - Statystyki

Ogólne statystyki
  • Ten quiz został rozwiązany 94 razy
  • Średni wynik to 5 z 11
Statystyki odpowiedzi
Odpowiedź % Poprawnych
Sosnowiec Główny
99%
Sosnowiec Południowy
84%
Sosnowiec Dańdówka
77%
Sosnowiec Kazimierz
67%
Sosnowiec Maczki
60%
Sosnowiec Jęzor
51%
Sosnowiec Porąbka
50%
Sosnowiec Pogoń
15%
Bór Górny
7%
Jęzor Centralny
6%
Sosnowiec Bobrek
3%
Nie znaleziono quizów pasujących do podanych kryteriów
Rozkład punktacji
Procent ludzi z każdym wynikiem
Percentyl według liczby udzielonych odpowiedzi
Twoja historia wyników
Nie rozwiązałeś tego quizu